| 000 | 00578cam a2200217 4500 | ||
|---|---|---|---|
| 008 | 000000n1999 000 0 eng u | ||
| 020 | _a0340720077 | ||
| 035 | _a(Sirsi) u105595 | ||
| 050 | _a658.45 | ||
| 100 | _aEllis, Richard | ||
| 245 | _aConstructive communication : skills for the building industry | ||
| 260 |
_aLondon _bArnold _c1999 |
||
| 300 | _a199p. ; 24cm. | ||
| 350 | _a12.99 | ||
| 650 | _aCOMMUNICATION | ||
| 650 | _aE-MAIL | ||
| 650 | _aMANAGEMENT | ||
| 650 | _aTELEPHONE TECHNIQUES | ||
| 690 | _aBUILDING AND CONSTRUCTION-MANAGEMENT | ||
| 942 | _n0 | ||
| 999 |
_c100433 _d100433 |
||